000 01512nam a22001577a 4500
999 _c528213
_d528213
008 241119b ||||| |||| 00| 0 eng d
100 _aMuthusami, R. and Snitha, K.
_959553
245 _aPolicy analysis of Indian government in response to Covid-19 pandemic using topic model
260 _aBihar Journal of Public Administration
300 _a18(1A), Jan-Jun, 2021: p.103-109
520 _aIn order to respond to the COVID-19 pandemic, the Indian Government has adopted various policies. These policies have a broad range of considerations, such as the form of regulation, national and regional levels implementation, the particular human community and region of the country affected by the policy, and the timeline where all such policy is enforced. We obtained the policies of the Indian Government from Corona Net COVID-19 Government Response Event Dataset and analysed the dataset using a structural topic model that reveals the rapid change of risky policies all over the country from January 2020 to September 2020. This study will be helpful in getting policymakers and analysts determine how efficient specific policies are in combating the propagation and social problems of COVID-19 in India. – Reproduced http://www.iipabiharbranch.org/upload/Complete%20BJPA%20Vol.%20XVIII%20No.%201A%20(Covid%20special%20issue)%202021.pdf
650 _aPolicy analysis, Structural topic model, Covid-19.
_948963
773 _aBihar Journal of Public Administration
906 _aPANDEMIC
942 _cAR